00425nam a2200169Ia 4500008004100000041001200041082001200053100002400065245003400089365000700123520001500130546001200145630003400157650001500191655001500206730003400221101110s9999 xx 000 0 und d aENGLISH bSR12947 aNorthcode, Rustomji aChildren : How to manage them b16 aPsychology aENGLISH aChildren : How to manage them aPsychology aPsychology aChildren : How to manage them